000 00208nam a22000857a 4500
008 161210b xxu||||| |||| 00| 0 eng d
100 _91987
_aRostogi.V.B.
245 _aBiology-XI
260 _aNew Delhi
_bP.P.C.
_c2010
999 _c4799
_d4799